| 000 | 00913nam a22002897a 4500 | ||
|---|---|---|---|
| 001 | 200461986 | ||
| 003 | TR-AnTOB | ||
| 005 | 20250603170402.0 | ||
| 008 | 240723b tu ||||| |||| 00| 0 tur d | ||
| 020 | _a9786056834233 | ||
| 040 |
_aTR-AnTOB _beng _erda _cTR-AnTOB |
||
| 041 | _atur | ||
| 092 |
_a372.412 _bÇAR 2022 |
||
| 100 |
_aÇarmıklı, Elif Özmenek _eAuthor _995941 |
||
| 245 |
_aMita ve gizemli inci / _cElif Özmenek Çarmıklı ; resimleyen : Eda Çağıl Çağlarırmak |
||
| 250 | _a8.bs. | ||
| 260 |
_aAnkara : _bTurta Kitap ; _c2022. |
||
| 300 |
_a32 Pages : _bill. ; _c21 cm. |
||
| 336 |
_atext _btxt _2rdacontent |
||
| 337 |
_aunmediated _bn _2rdamedia |
||
| 338 |
_avolume _bnc _2rdacarrier |
||
| 653 | _aİlk okuma kitapları | ||
| 700 | 1 |
_aÇağlarırmak, Eda Çağıl, _d1995- _eillustrator _9143945 |
|
| 942 |
_2ddc _cBK |
||
| 999 |
_c200461986 _d80198 |
||